000 00805nam a22002177a 4500
999 _c18404
_d18404
003 AR-CdUCM
008 190513b ||||| |||| 00| 0 spa d
040 _aMUNICIPALIDAD PROVINCIAL DEL CUSCO
_cBIBLIOTECA MUNICIPAL DEL CUSCO
082 _a330.12 /
_bC28
100 _aCastillo Ríos, Carlos
_938974
245 _aMedicina y capitalismo :
_bProceso a la medicina liberal /
260 _aLima :
_bEds. Realidad Nacional
_c1979.
300 _a311 paginas ;
_c21 cm.
505 _aContenido :Visión global de salud --Trayectoria de la medicina --Medicina y capitalismo --La ideología medica ...
650 _aEconomía médica
_938975
650 _aPaíses en desarrollo
_96901
650 _aMédicos
_92096
650 _aÉtica profesional
_98138
942 _2ddc
_cLIBROS
945 _arjall
_d2019-05-13